000 00696nam a22002177a 4500
005 20250224111710.0
010 _aENG-143781
020 _a9788186772843
_c1595
035 _aEN-127314
037 _bDBAD
082 _a370
_21st
100 _aSarkar Amal Kumar
_978506
245 _aEducation In India
_bAmal Kumar Sarkar
_cIssues ,prospects ,and challenges
_hEnglish
260 _aNew Delhi
_bSK puri for New Academic Publishers
_c2015
270 _a4760-61'23' Ansari Road' Daryaganj
_bNew Delhi
_e110002
300 _a315 p.
_c21 cm.(hd)
490 _vvol 1
500 _aStories of vedanta monks
700 _aSwami chetanananda
_976691
942 _2ddc
_cEN
_h370
_mSAR
999 _c209644
_d209644